[Event "TUR-ch (Women)"]
[Site "Izmir"]
[Date "2023.10.22"]
[Round "9"]
[White "Beytas, Elena"]
[Black "Ulus, Ekin"]
[Result "0-1"]
[WhiteElo "1226"]
[BlackElo "1488"]
[PlyCount "118"]
[EventDate "2023.10.16"]
[EventType "tourn"]
[EventRounds "9"]
[EventCountry "TUR"]
[SourceTitle "Mega2024 Update 01"]
[Source "Chessbase"]
[SourceDate "2023.11.12"]
[SourceVersion "1"]
[SourceVersionDate "2023.11.12"]
[SourceQuality "1"]

1. Nf3 d5 2. d4 c6 3. c4 Nf6 4. Nc3 Bf5 5. Qb3 Qb6 6. Qxb6 axb6 7. cxd5 cxd5 8. e3 e6 9. Bb5+ Nc6 10. 0-0 Bd6 11. Bd2 0-0 12. Nh4 Be4 13. Nxe4 Nxe4 14. Bc3 Rfc8 15. Rfc1 Ne7 16. Nf3 Ba3 17. bxa3 Nxc3 18. a4 Nxa4 19. Rxc8+ Nxc8 20. Rc1 Nd6 21. Bxa4 Rxa4 22. Rc2 Rc4 23. Ne1 Kf8 24. Kf1 Ke7 25. Ke2 Kd7 26. Rb2 b5 27. Nd3 f6 28. Nc5+ Ke7 29. f3 b6 30. Nb3 Ra4 31. Rc2 Nc4 32. e4 Kd6 33. Kd3 Na5 34. Nc1 Nc6 35. e5+ fxe5 36. dxe5+ Nxe5+ 37. Ke3 Nc4+ 38. Ke2 Ra7 39. Nb3 Rc7 40. Nd4 Rc5 41. Nb3 Na3 42. Nxc5 Nxc2 43. Nd3 Na3 44. Ke3 Nc4+ 45. Kd4 e5+ 46. Kc3 e4 47. fxe4 dxe4 48. Nf4 Ke5 49. Ne2 Nd6 50. g3 g5 51. g4 Ne8 52. Kb4 Nc7 53. h3 e3 54. Kc3 Ke4 55. Kc2 Kf3 56. Kd3 Ne6 57. Nc3 Nf4+ 58. Kd4 Ne2+ 59. Nxe2 Kxe2 0-1

[Event "TUR-ch (Women)"]
[Site "Izmir"]
[Date "2023.10.19"]
[Round "5"]
[White "Bodur, Ilke Lal"]
[Black "Ulus, Ekin"]
[Result "0-1"]
[WhiteElo "1310"]
[BlackElo "1488"]
[PlyCount "118"]
[EventDate "2023.10.16"]
[EventType "tourn"]
[EventRounds "9"]
[EventCountry "TUR"]
[SourceTitle "Mega2024 Update 01"]
[Source "Chessbase"]
[SourceDate "2023.11.12"]
[SourceVersion "1"]
[SourceVersionDate "2023.11.12"]
[SourceQuality "1"]

1. e4 c5 2. c3 Nf6 3. e5 Nd5 4. d4 cxd4 5. Nf3 Nc6 6. cxd4 d6 7. Bc4 dxe5 8. dxe5 Ndb4 9. Qb3 e6 10. 0-0 Na5 11. Qa4+ Bd7 12. Bb5 Bxb5 13. Qxb5+ Nac6 14. Qe2 Qd3 15. Nc3 Qxe2 16. Nxe2 Rd8 17. Bf4 Be7 18. Rfd1 0-0 19. Ned4 Nxd4 20. Nxd4 Bc5 21. a3 Bxd4 22. axb4 Bxb2 23. Rab1 Bd4 24. Rd2 Rd5 25. Rbd1 Rfd8 26. Kf1 Bc3 27. Rxd5 Rxd5 28. Rxd5 exd5 29. b5 a6 30. bxa6 bxa6 31. Ke2 a5 32. Kd3 Bb2 33. Kc2 Bd4 34. Kb3 Bxf2 35. Bd2 Bd4 36. Bxa5 Bxe5 37. h3 f5 38. Bd2 Kf7 39. Kc2 Ke6 40. Kd3 f4 41. Be1 g5 42. Bf2 h5 43. Bg1 Kf5 44. Bf2 g4 45. hxg4+ hxg4 46. Be1 Bb2 47. Kc2 Ba3 48. Kd3 Bc5 49. Bd2 f3 50. gxf3 g3 51. Be3 Bxe3 52. Kxe3 d4+ 53. Ke2 d3+ 54. Ke1 g2 55. Kf2 d2 56. Kxg2 d1Q 57. Kg3 Qg1+ 58. Kh3 Kf4 59. Kh4 Qh2# 0-1

[Event "TUR-chT 1st League"]
[Site "Denizli"]
[Date "2023.07.13"]
[Round "7.25"]
[White "Tikvesli, Ceylin"]
[Black "Ulus, Ekin"]
[Result "1-0"]
[WhiteElo "1751"]
[BlackElo "1545"]
[PlyCount "103"]
[EventDate "2023.07.09"]
[EventType "team-swiss"]
[EventRounds "9"]
[EventCountry "TUR"]
[SourceTitle "CBM 215 Extra"]
[Source "ChessBase"]
[SourceDate "2023.09.30"]
[SourceVersion "1"]
[SourceVersionDate "2023.09.30"]
[SourceQuality "1"]
[WhiteTeam "Tarsus Zeka"]
[BlackTeam "Mavisehir Altyapi"]
[WhiteTeamCountry "TUR"]
[BlackTeamCountry "TUR"]

1. e4 e6 2. d4 d5 3. Nd2 dxe4 4. Nxe4 Nd7 5. Nf3 Ngf6 6. Nxf6+ Nxf6 7. Bd3 c5 8. dxc5 Bxc5 9. 0-0 0-0 10. Bg5 b6 11. Qe2 Bb7 12. Rad1 Qc7 13. Bxf6 gxf6 14. c3 Rfd8 15. Be4 Rxd1 16. Rxd1 Bxe4 17. Qxe4 Rd8 18. Rxd8+ Qxd8 19. g3 f5 20. Qe2 Qd5 21. b3 Be7 22. c4 Qc5 23. Ne5 Qd6 24. g4 Bf6 25. Nd3 f4 26. Qe4 Bd8 27. Ne5 Bc7 28. Nf3 Kg7 29. Kg2 Bd8 30. Nd4 a5 31. Nb5 Qb8 32. Kf3 e5 33. Qd5 Be7 34. Ke4 f6 35. Qd7 Qa8+ 36. Kf5 Qf8 37. Nc7 Qf7 38. Qe8 Qg6+ 39. Qxg6+ hxg6+ 40. Ke4 Kf7 41. f3 Bc5 42. Kd5 Ke7 43. Nb5 Be3 44. Nc3 Bd4 45. Nb5 Be3 46. h4 Kf7 47. Nd6+ Kg7 48. Ke6 Kh6 49. Kxf6 Bd4 50. Nf7+ Kh7 51. Nxe5 Bf2 52. Nxg6 1-0

[Event "TUR-chT 1st League"]
[Site "Denizli"]
[Date "2023.07.10"]
[Round "2.15"]
[White "Mammadova, Gulnar Marfat Qizi"]
[Black "Ulus, Ekin"]
[Result "1-0"]
[WhiteElo "2357"]
[BlackElo "1545"]
[PlyCount "61"]
[EventDate "2023.07.09"]
[EventType "team-swiss"]
[EventRounds "9"]
[EventCountry "TUR"]
[SourceTitle "CBM 215 Extra"]
[Source "ChessBase"]
[SourceDate "2023.09.30"]
[SourceVersion "1"]
[SourceVersionDate "2023.09.30"]
[SourceQuality "1"]
[WhiteTeam "Pamukkale Universiteli"]
[BlackTeam "Mavisehir Altyapi"]
[WhiteTeamCountry "TUR"]
[BlackTeamCountry "TUR"]

1. e4 e6 2. d4 d5 3. e5 c5 4. c3 Nc6 5. Nf3 Bd7 6. Bd3 cxd4 7. 0-0 Qb6 8. Qe2 Nh6 9. Nbd2 dxc3 10. bxc3 Nf5 11. Rb1 Qc7 12. Nb3 Be7 13. Re1 0-0 14. g4 Nh6 15. h3 Rac8 16. a3 Kh8 17. Bxh6 gxh6 18. Qe3 f5 19. Qxh6 Rg8 20. Kh1 Bf8 21. Qf4 fxg4 22. Ng5 Rg7 23. Nd4 Nxd4 24. cxd4 Qc3 25. Re3 Qc7 26. Nxh7 Be7 27. Nf6 Bxf6 28. Qh6+ Kg8 29. exf6 Rf7 30. Rg1 e5 31. Rxe5 1-0